Państwa leżące nad Morzem Czarnym - Statystyki

Ogólne statystyki
  • Ten quiz został rozwiązany 1 038 razy
  • Średni wynik to 5 z 6
Statystyki odpowiedzi
Państwo % Poprawnych
Rosja
94%
Turcja
93%
Ukraina
93%
Rumunia
88%
Bułgaria
87%
Gruzja
81%
Nie znaleziono quizów pasujących do podanych kryteriów
Rozkład punktacji
Procent ludzi z każdym wynikiem
Percentyl według liczby udzielonych odpowiedzi
Twoja historia wyników
Nie rozwiązałeś tego quizu